01000naa a22002297a 4500001001000000003000900010005001700019007000300036008003400039040005400073041000900127072001500136100001800151111012300169245007800292260003300370500016200403650002000565650001300585650001300598773015900611BR9400412BR-BrBNA20240918180928.0ta230509b bl.||||| |||| 00| 0 por d aBR-BrBNAbporcBiblioteca Nacional de Agricultura a(Pt) aP01b/G5141 aGuerreiro, G.1 aSeminario Internacional sobre Meio Ambiente, Pobreza e Desenvolvimento da AmazoniacBelem, PA (Brazil)d16-19 Feb 19921 aUso de recursos minerais e empreendimentos minero-metalurgicos [Amazonia]3 aBelem, PA (Brasil): c1992.  aSeminario Internacional sobre Meio Ambiente, Pobreza e Desenvolvimento da Amazonia. SIMDAMAZONIA. Anais Belem, PA (Brasil): 1992. p. 82-85 (BR9400412-AM)P01  aRecurso Mineral aExtracao aAmazonia0 tSeminario Internacional sobre Meio Ambiente, Pobreza e Desenvolvimento da Amazonia. SIMDAMAZONIA. AnaiswP01 BR9400412gBelem, PA (Brasil), 1992. p. 82-85